Automatizace

Gespeichert in:
Bibliographische Detailangaben
1. Verfasser: Chvála, Břetislav
Weitere Verfasser: Nedbal, Josef, Dunay, Gejza
Format: Buch
Sprache:Tschechisch
Veröffentlicht: Praha Státní nakladatelství technické literatury 1987
Ausgabe:2. nezměn. vyd.
Tags: Tag hinzufügen
Keine Tags, Fügen Sie das erste Tag hinzu!

MARC

LEADER 00000nam a2200000 4500
001 c029841
005 20250520074619.0
041 0 |a cze 
044 |a CZ 
245 1 0 |a Automatizace  |c Břetislav Chvála, Josef Nedbal, Gejza Dunay 
250 |a 2. nezměn. vyd. 
264 1 |a Praha  |b Státní nakladatelství technické literatury  |c 1987 
300 |a 603 s.  |e 1 príl. 
100 1 |a Chvála, Břetislav 
700 1 |a Nedbal, Josef 
700 1 |a Dunay, Gejza